| 000 -LEADER |
| fixed length control field |
00894nam a2200289Ia 4500 |
| 001 - CONTROL NUMBER |
| control field |
18276 |
| 003 - CONTROL NUMBER IDENTIFIER |
| control field |
GE_BSU |
| 005 - DATE AND TIME OF LATEST TRANSACTION |
| control field |
20230313125045.0 |
| 008 - FIXED-LENGTH DATA ELEMENTS--GENERAL INFORMATION |
| fixed length control field |
181216s2012||||fr |||||||||||||| ||fre|| |
| 020 ## - INTERNATIONAL STANDARD BOOK NUMBER |
| International Standard Book Number |
9782011558138 |
| 040 ## - CATALOGING SOURCE |
| Transcribing agency |
GE_BSU |
| 041 ## - LANGUAGE CODE |
| Language code of text/sound track or separate title |
fre |
| 080 ## - UNIVERSAL DECIMAL CLASSIFICATION NUMBER |
| Universal Decimal Classification number |
811.133.1 A-44 |
| 245 ## - TITLE STATEMENT |
| Title |
Alter Ego A2 Methode de Francais : |
| Remainder of title |
Cahier d'activites / |
| Statement of responsibility, etc. |
Annie Berthet, Beatrix Sampsonis, Caterine Hugot, Monique Waendendries. |
| 264 ## - PRODUCTION, PUBLICATION, DISTRIBUTION, MANUFACTURE, AND COPYRIGHT NOTICE |
| Place of production, publication, distribution, manufacture |
Paris : |
| Name of producer, publisher, distributor, manufacturer |
Hachette, |
| Date of production, publication, distribution, manufacture, or copyright notice |
2012. |
| 300 ## - PHYSICAL DESCRIPTION |
| Extent |
128 p. : |
| Other physical details |
ill. ; |
| Dimensions |
29 cm. |
| Accompanying material |
+1CD |
| 653 ## - INDEX TERM--UNCONTROLLED |
| keyword |
Alter Ego A2 |
| 653 ## - INDEX TERM--UNCONTROLLED |
| keyword |
Methode de Francais |
| 653 ## - INDEX TERM--UNCONTROLLED |
| keyword |
Cahier d'activites |
| 653 ## - INDEX TERM--UNCONTROLLED |
| keyword |
ფრანგული ენა |
| 700 ## - ADDED ENTRY--PERSONAL NAME |
| Personal name |
Berthet,Annie |
| Relator term |
by |
| 9 (RLIN) |
6549 |
| 700 ## - ADDED ENTRY--PERSONAL NAME |
| Personal name |
Sampsonis, Beatrix |
| Relator term |
by |
| 9 (RLIN) |
17184 |
| 700 ## - ADDED ENTRY--PERSONAL NAME |
| Personal name |
Hugot, Caterine |
| Relator term |
by |
| 9 (RLIN) |
17185 |
| 700 ## - ADDED ENTRY--PERSONAL NAME |
| Personal name |
Waendendries, Monique |
| Relator term |
by |
| 9 (RLIN) |
17183 |
| 942 ## - ADDED ENTRY ELEMENTS (KOHA) |
| Koha item type |
წიგნი |
| Source of classification or shelving scheme |
|